|
|
|
|
| LEADER |
00000nkm a2200000 a 4500 |
| 001 |
vtls010208030 |
| 003 |
SK-MaSNL |
| 005 |
20260425223109.0 |
| 007 |
kf bo |
| 008 |
231206s xo 000 g knslo |
| 040 |
|
|
|a SNK
|b slo
|c SNK
|e AACR2
|
| 041 |
0 |
|
|a slo
|
| 043 |
|
|
|a e-xo---
|
| 044 |
|
|
|a xo
|c SK
|
| 245 |
0 |
0 |
|a Detva (Zvolenská župa)
|h grafika
|b Ľudové rezby na cintoríne
|
| 260 |
|
|
|a Turčiansky Sv. Martin
|b Národopisný odbor Matice Slovenskej
|c [s.a.]
|
| 300 |
|
|
|a 1 pohľadnica
|b čiernobiela
|c 9x14
|
| 651 |
|
7 |
|a Slovensko
|2 SNKPH
|9 14231
|
| 655 |
|
7 |
|a geografické pohľadnice
|2 SNKPH
|9 70522
|
| 958 |
|
|
|a GC
|
| 958 |
|
|
|a GBN
|
| 999 |
|
|
|c 576621
|d 578551
|
| 952 |
|
|
|a SNK
|b SNK
|y PREZ
|7 0
|p 17A0688249
|o snkSP 10466
|0 0
|1 0
|4 0
|d 2011-02-01
|l 0
|r 2026-02-23 14:36:01
|w 2026-02-23
|